[Event "Maccabiah op"]
[Site "Jerusalem"]
[Date "2013.07.24"]
[Round "5"]
[White "Segal, Naum"]
[Black "Levitan, Tal"]
[Result "0-1"]
[WhiteElo "2066"]
[BlackElo "1683"]
[PlyCount "78"]
[EventDate "2013.07.21"]
[EventType "swiss"]
[EventRounds "9"]
[EventCountry "ISR"]
[SourceTitle "EXT 2014"]
[Source "ChessBase"]
[SourceDate "2013.11.20"]
[SourceVersion "1"]
[SourceVersionDate "2013.11.20"]
[SourceQuality "1"]

1. d4 d5 2. Nf3 Nf6 3. g3 e6 4. Bg2 Be7 5. 0-0 0-0 6. c4 b6 7. Ne5 Bb7 8. Nc3 Nbd7 9. cxd5 exd5 10. Bg5 Ne4 11. Bxe7 Qxe7 12. Nxd7 Qxd7 13. Rc1 Rfd8 14. e3 Rac8 15. Qd3 Nxc3 16. Rxc3 c5 17. b3 c4 18. Qb1 b5 19. b4 Qe7 20. Re1 a5 21. a3 axb4 22. Qxb4 Qxb4 23. axb4 Ra8 24. Rb1 Ra4 25. Kf1 Rda8 26. Ke1 Ra1 27. Rcc1 Rxb1 28. Rxb1 Ra2 29. Bh3 Bc6 30. Rd1 Kf8 31. Rd2 Ra1+ 32. Rd1 Ra4 33. Kd2 Rxb4 34. Ra1 Ra4 35. Rxa4 bxa4 36. Kc3 a3 37. Bf5 Ba4 38. Bc8 a2 39. Kb2 Bb3 0-1

[Event "Herzliya op"]
[Site "Herzliya"]
[Date "2008.09.10"]
[Round "7"]
[White "Zaslavsky, Michael"]
[Black "Segal, Naum"]
[Result "1-0"]
[WhiteElo "2333"]
[BlackElo "2210"]
[PlyCount "101"]
[EventDate "2008.09.02"]
[EventType "swiss"]
[EventRounds "9"]
[EventCountry "ISR"]
[SourceTitle "CBM 126 Extra"]
[Source "ChessBase"]
[SourceDate "2008.11.05"]
[SourceVersion "1"]
[SourceVersionDate "2008.11.05"]
[SourceQuality "1"]

1. e4 e5 2. Nf3 Nc6 3. Bb5 Nd4 4. Ba4 Nxf3+ 5. Qxf3 Qf6 6. Qe2 Bc5 7. 0-0 Ne7 8. Nc3 0-0 9. d3 c6 10. Bb3 Ng6 11. Qh5 Nf4 12. Bxf4 Qxf4 13. g3 Qf6 14. Na4 g6 15. Qe2 Bd6 16. Rae1 b5 17. Nc3 a5 18. a4 bxa4 19. Nxa4 Qe7 20. f4 Kg7 21. d4 exd4 22. Qc4 c5 23. e5 Bc7 24. Nxc5 Bb6 25. Nd3 Ba6 26. Qd5 Qe6 27. Qxa8 Rxa8 28. Bxe6 dxe6 29. Ra1 Rc8 30. Rf2 Bb5 31. Ra3 Bc4 32. Kf1 h6 33. Ke1 g5 34. Kd2 Kg6 35. fxg5 hxg5 36. Ra1 Rc7 37. h4 Rb7 38. b3 Bd5 39. hxg5 Kxg5 40. Raf1 a4 41. bxa4 Ba5+ 42. Ke2 Rc7 43. Kd1 Rc4 44. Rxf7 Rxa4 45. Rg7+ Kh6 46. Rg8 Kh7 47. Rg4 Ra1+ 48. Nc1 Ra3 49. Nb3 d3 50. Rf2 dxc2+ 51. Kc1 1-0

[Event "Herzliya op"]
[Site "Herzliya"]
[Date "2008.09.07"]
[Round "5"]
[White "Volkov, Yuri"]
[Black "Segal, Naum"]
[Result "0-1"]
[WhiteElo "2066"]
[BlackElo "2210"]
[PlyCount "92"]
[EventDate "2008.09.02"]
[EventType "swiss"]
[EventRounds "9"]
[EventCountry "ISR"]
[SourceTitle "CBM 126 Extra"]
[Source "ChessBase"]
[SourceDate "2008.11.05"]
[SourceVersion "1"]
[SourceVersionDate "2008.11.05"]
[SourceQuality "1"]

1. e4 e5 2. Nf3 Nc6 3. Bb5 a6 4. Bxc6 dxc6 5. d4 exd4 6. Qxd4 Qxd4 7. Nxd4 c5 8. Ne2 Bd7 9. Nbc3 0-0-0 10. 0-0 Ne7 11. f4 Nc6 12. Be3 Be6 13. f5 Bc4 14. b3 Bxe2 15. Nxe2 Re8 16. Nc3 Bd6 17. Bf4 Be5 18. Bxe5 Rxe5 19. Rad1 Nd4 20. Rf2 Rhe8 21. Rd3 f6 22. Rfd2 b6 23. a3 Kb7 24. Rg3 R8e7 25. b4 Nb5 26. Nxb5 axb5 27. Re2 cxb4 28. axb4 Rxe4 29. Rxe4 Rxe4 30. Rxg7 Rxb4 31. c3 Rc4 32. g4 Rxc3 33. Kf2 b4 34. Rd7 Rh3 35. Kg2 Re3 36. h4 h6 37. Rd1 c5 38. g5 hxg5 39. hxg5 fxg5 40. f6 Re8 41. Kg3 Rf8 42. Rf1 b3 43. Kg4 c4 44. Kxg5 b2 45. Kg6 c3 46. Kg7 Rxf6 0-1

[Event "Wch Seniors 17th"]
[Site "Gmunden"]
[Date "2007.09.27"]
[Round "10"]
[White "Loktiev, Ivan"]
[Black "Segal, Naum"]
[Result "1/2-1/2"]
[WhiteElo "2350"]
[BlackElo "2146"]
[PlyCount "143"]
[EventDate "2007.09.17"]
[EventType "swiss"]
[EventRounds "11"]
[EventCountry "AUT"]
[SourceTitle "CBM 120 Extra"]
[Source "ChessBase"]
[SourceDate "2007.11.01"]
[SourceVersion "1"]
[SourceVersionDate "2007.11.01"]
[SourceQuality "1"]

1. d4 d5 2. Nf3 e6 3. c4 Nf6 4. g3 c6 5. Qc2 Ne4 6. Bg2 Be7 7. Nbd2 f5 8. Ne5 Nxd2 9. Bxd2 Nd7 10. Nxd7 Bxd7 11. 0-0 0-0 12. Rac1 Bd6 13. Qb3 Qb6 14. c5 Qxb3 15. axb3 Bc7 16. Ra1 e5 17. Bc3 exd4 18. Bxd4 a6 19. e3 Rae8 20. Rfe1 Re7 21. f4 Be8 22. Bf3 Re6 23. Kg2 Bd8 24. h3 Bg6 25. Kf2 Rfe8 26. Ra4 Be7 27. Raa1 h6 28. Rg1 Kh7 29. Rac1 Bf6 30. Rge1 Bd8 31. b4 Rf8 32. Ra1 Bf7 33. h4 Be8 34. h5 Bd7 35. Rh1 Bf6 36. Rhe1 Rfe8 37. Rad1 Rb8 38. Be2 Kh8 39. Bd3 Re7 40. Ra1 Kg8 41. Rh1 Kf7 42. Rhd1 Bc8 43. Rdc1 Bd7 44. Rc2 Rf8 45. Rd2 Ke8 46. Bf1 Kd8 47. Rdd1 Rfe8 48. Re1 Rg8 49. Bg2 Rf7 50. Bf3 Re7 51. Rh1 Be6 52. Rhe1 Kc7 53. Rec1 Bf7 54. Re1 Be8 55. Red1 Bd7 56. Re1 Bc8 57. Rec1 Rge8 58. Re1 Re6 59. Bg2 Rg8 60. Bf3 Bd7 61. Bg2 Kc8 62. Bf3 Kd8 63. Bg2 Be8 64. Bf3 Bf7 65. Red1 Re7 66. Re1 Rge8 67. Rad1 Kd7 68. Ra1 Kc7 69. Rac1 Be6 70. Ra1 Bc8 71. Bg2 Rf7 72. Bf3 1/2-1/2

[Event "Wch Seniors 17th"]
[Site "Gmunden"]
[Date "2007.09.24"]
[Round "7"]
[White "Segal, Naum"]
[Black "Gruzmann, Boris"]
[Result "1/2-1/2"]
[WhiteElo "2146"]
[BlackElo "2278"]
[PlyCount "67"]
[EventDate "2007.09.17"]
[EventType "swiss"]
[EventRounds "11"]
[EventCountry "AUT"]
[SourceTitle "CBM 120 Extra"]
[Source "ChessBase"]
[SourceDate "2007.11.01"]
[SourceVersion "1"]
[SourceVersionDate "2007.11.01"]
[SourceQuality "1"]

1. d4 Nf6 2. Nc3 c5 3. Nf3 cxd4 4. Nxd4 d6 5. e4 a6 6. Be2 g6 7. 0-0 Bg7 8. h3 0-0 9. Be3 Nc6 10. Qd2 Bd7 11. Nxc6 Bxc6 12. Bf3 Rc8 13. Rab1 Nd7 14. Bd4 f5 15. Bxg7 Kxg7 16. Qd4+ Nf6 17. Rfe1 e5 18. Qd2 fxe4 19. Nxe4 Bxe4 20. Bxe4 d5 21. Bf3 e4 22. Bg4 Rc6 23. c3 Qb6 24. Re3 Rd8 25. Rd1 Rcd6 26. Qc2 h5 27. Be2 d4 28. Rxd4 Rxd4 29. cxd4 Qxd4 30. Rc3 Qd2 31. Kf1 Qf4 32. g3 Qf5 33. Rc7+ Rd7 34. Kg2 1/2-1/2

[Event "Keres Memorial op"]
[Site "Tallinn"]
[Date "2000.08.18"]
[Round "5"]
[White "Segal, Naum"]
[Black "Rogovoi, Mark"]
[Result "0-1"]
[WhiteElo "2177"]
[BlackElo "2252"]
[PlyCount "81"]
[EventDate "2000.08.14"]
[EventType "swiss"]
[EventRounds "9"]
[EventCountry "EST"]
[SourceTitle "CBM 077 Extra"]
[Source "ChessBase"]
[SourceDate "2000.09.14"]
[SourceVersion "1"]
[SourceVersionDate "2000.09.14"]
[SourceQuality "1"]

1. d4 Nf6 2. Nf3 g6 3. g3 d5 4. Bg2 Bg7 5. 0-0 0-0 6. Nbd2 c6 7. c3 Bf5 8. Re1 Qc8 9. Ne5 Nbd7 10. Nxd7 Qxd7 11. e4 dxe4 12. Nxe4 Nxe4 13. Bxe4 Bxe4 14. Rxe4 e5 15. Qc2 exd4 16. cxd4 Rfe8 17. Rxe8+ Rxe8 18. Be3 a6 19. Rd1 Qd5 20. b3 Rd8 21. Rd2 Qa5 22. h4 Rd5 23. Kh2 Qd8 24. b4 Bxd4 25. Rd3 Be5 26. Rxd5 cxd5 27. f4 Bf6 28. Qd3 Qd6 29. Bd4 Bxd4 30. Qxd4 Qe6 31. a3 Qe2+ 32. Kh3 Qe4 33. Qd1 d4 34. h5 gxh5 35. Kh2 d3 36. Qc1 Qe2+ 37. Kh3 d2 38. Qc8+ Kg7 39. Qc3+ Kg6 40. f5+ Kxf5 41. Qc5+ 0-1

[Event "Keres Memorial op"]
[Site "Tallinn"]
[Date "2000.08.17"]
[Round "4"]
[White "Segal, Naum"]
[Black "Kanep, Meelis"]
[Result "1-0"]
[WhiteElo "2177"]
[BlackElo "2302"]
[PlyCount "145"]
[EventDate "2000.08.14"]
[EventType "swiss"]
[EventRounds "9"]
[EventCountry "EST"]
[SourceTitle "CBM 077 Extra"]
[Source "ChessBase"]
[SourceDate "2000.09.14"]
[SourceVersion "1"]
[SourceVersionDate "2000.09.14"]
[SourceQuality "1"]

1. d4 d5 2. Nf3 Nf6 3. g3 Bf5 4. Bg2 e6 5. 0-0 Nbd7 6. c4 Be7 7. Nc3 0-0 8. Nh4 Be4 9. f3 Bg6 10. Nxg6 hxg6 11. cxd5 exd5 12. Kh1 c5 13. dxc5 Nxc5 14. b4 Ne6 15. a3 d4 16. Nb1 Nd5 17. f4 a5 18. b5 Rc8 19. Qb3 Nc3 20. Nxc3 Rxc3 21. Qd5 b6 22. Ra2 Qc7 23. Bd2 Rd8 24. Qe4 Rxa3 25. Rxa3 Bxa3 26. f5 gxf5 27. Qxf5 g6 28. Qf3 Bd6 29. Rc1 Nc5 30. Qg4 d3 31. Bd5 Kg7 32. e4 Be5 33. Qg5 Rh8 34. Bf4 Rh5 35. Qg4 Bxf4 36. gxf4 d2 37. Rd1 Nd3 38. Qg2 Nxf4 39. Qxd2 Nh3 40. Rf1 Ng5 41. Qf2 Nf3 42. Qb2+ Qe5 43. Qxe5+ Nxe5 44. Kg2 f5 45. exf5 gxf5 46. Rc1 Kf6 47. Rc8 Kg5 48. Re8 Kf4 49. h3 Rg5+ 50. Kf2 Rg6 51. Be6 Nd3+ 52. Ke2 Nc5 53. Bd5 Rd6 54. Bf7 Ne4 55. h4 Nc3+ 56. Kf2 Nxb5 57. h5 Nc3 58. Bg6 Ne4+ 59. Ke1 Kg5 60. Re5 Rf6 61. Re8 Ng3 62. Rh8 f4 63. Kf2 a4 64. Rg8 Nxh5 65. Bc2+ Kh4 66. Bxa4 Rf5 67. Bd1 Nf6 68. Rg6 b5 69. Kf3 Nh5 70. Be2 b4 71. Rg4+ Kh3 72. Bf1+ Kh2 73. Kf2 1-0

[Event "Bydgoszcz op-B"]
[Site "Bydgoszcz"]
[Date "1999.??.??"]
[Round "3"]
[White "Mutchnik, Larisa"]
[Black "Segal, Naum"]
[Result "1-0"]
[WhiteElo "2168"]
[BlackElo "2188"]
[PlyCount "99"]
[EventDate "1999.??.??"]
[EventType "swiss"]
[EventRounds "9"]
[EventCountry "POL"]
[SourceTitle "EXT 2001"]
[Source "ChessBase"]
[SourceDate "2000.11.22"]
[SourceVersion "1"]
[SourceVersionDate "2000.11.22"]
[SourceQuality "1"]

1. d4 d5 2. Nf3 Nf6 3. c4 e6 4. Nc3 Bb4 5. g3 0-0 6. Bg2 Nc6 7. cxd5 Nxd5 8. Qd3 Be7 9. a3 Nxc3 10. bxc3 Bf6 11. e4 e5 12. d5 Na5 13. c4 b6 14. Bd2 Nb7 15. Bc3 Re8 16. 0-0 Nc5 17. Qc2 Bd7 18. Rae1 Na4 19. Ba1 Qe7 20. Re3 Qc5 21. Rc1 h6 22. Ne1 Bg5 23. Nd3 Qxa3 24. Nxe5 Bxe3 25. Rf1 Re7 26. Nxd7 Rxd7 27. fxe3 Qxe3+ 28. Kh1 Nc5 29. e5 Rf8 30. Qf5 Qg5 31. Qf3 Re7 32. h4 Qg6 33. h5 Qg5 34. e6 f5 35. Be5 Ne4 36. Bf4 Qf6 37. Qe3 g5 38. hxg6 Qxg6 39. Bxc7 Rxc7 40. Bxe4 Qg4 41. Bg2 Rxc4 42. e7 Qh5+ 43. Kg1 Rfc8 44. d6 f4 45. Qe6+ Kg7 46. d7 Qc5+ 47. Kh1 Rc1 48. e8N+ Rxe8 49. dxe8Q Qh5+ 50. Qxh5 1-0

[Event "Bydgoszcz op-B"]
[Site "Bydgoszcz"]
[Date "1999.??.??"]
[Round "4"]
[White "Prokhorov, Alexander"]
[Black "Segal, Naum"]
[Result "1-0"]
[WhiteElo "2121"]
[BlackElo "2188"]
[PlyCount "79"]
[EventDate "1999.??.??"]
[EventType "swiss"]
[EventRounds "9"]
[EventCountry "POL"]
[SourceTitle "EXT 2001"]
[Source "ChessBase"]
[SourceDate "2000.11.22"]
[SourceVersion "1"]
[SourceVersionDate "2000.11.22"]
[SourceQuality "1"]

1. e4 c5 2. Ne2 Nc6 3. Nbc3 g6 4. d4 cxd4 5. Nxd4 Bg7 6. Nb3 Nf6 7. Be2 d6 8. 0-0 0-0 9. Bg5 h6 10. Bh4 a6 11. a4 Be6 12. Kh1 Rc8 13. f4 Na5 14. e5 Ne8 15. Nxa5 Qxa5 16. Bxe7 dxe5 17. Bxf8 Bxf8 18. Bd3 exf4 19. Qf3 Rc5 20. Rae1 g5 21. Qxb7 Nd6 22. Qa7 Rc7 23. Qd4 Qc5 24. Qxc5 Rxc5 25. Bxa6 Nf5 26. Bd3 Ne3 27. Rf2 Bg7 28. Ra1 Ra5 29. Bb5 Be5 30. Re1 Bd4 31. Rd2 Be5 32. Nd1 Kg7 33. c3 Bb3 34. Nxe3 fxe3 35. Rd3 Bxa4 36. Bxa4 Rxa4 37. Rdxe3 Bf6 38. b4 Ra2 39. Rb1 Rc2 40. b5 1-0

[Event "Bydgoszcz op-B"]
[Site "Bydgoszcz"]
[Date "1999.??.??"]
[Round "2"]
[White "Segal, Naum"]
[Black "Banasik, Henryk"]
[Result "1-0"]
[WhiteElo "2188"]
[BlackElo "2163"]
[PlyCount "77"]
[EventDate "1999.??.??"]
[EventType "swiss"]
[EventRounds "9"]
[EventCountry "POL"]
[SourceTitle "EXT 2001"]
[Source "ChessBase"]
[SourceDate "2000.11.22"]
[SourceVersion "1"]
[SourceVersionDate "2000.11.22"]
[SourceQuality "1"]

1. d4 d5 2. c4 c6 3. Nf3 Nf6 4. Nc3 e6 5. g3 Nbd7 6. Bg2 Bd6 7. cxd5 exd5 8. 0-0 0-0 9. Re1 Re8 10. Nd2 Bb4 11. a3 Bxc3 12. bxc3 c5 13. Bb2 cxd4 14. cxd4 Nb6 15. e4 Be6 16. e5 Nfd7 17. Bf1 Rc8 18. Bd3 Nf8 19. a4 Nc4 20. Bc3 Nxe5 21. Bb5 Ned7 22. Bb4 a6 23. Bd3 Qb6 24. Ba3 Qxd4 25. Nb3 Qf6 26. Qe2 d4 27. Nd2 Bf5 28. Ne4 Bxe4 29. Bxe4 Ng6 30. Rab1 Rc7 31. Qd2 Nde5 32. Qxd4 Rc4 33. Qd5 Rd8 34. Qxb7 Rxa4 35. Bb2 Qg5 36. Bxe5 Nxe5 37. f4 Qg4 38. Qd5 Re8 39. Qxe5 1-0

[Event "Chigorin Memorial 06th"]
[Site "St Petersburg"]
[Date "1998.11.09"]
[Round "9"]
[White "Segal, Naum"]
[Black "Kaparov, Danial"]
[Result "1-0"]
[WhiteElo "2145"]
[BlackElo "2020"]
[PlyCount "91"]
[EventDate "1998.10.31"]
[EventType "swiss"]
[EventRounds "9"]
[EventCountry "RUS"]
[SourceTitle "CBM 067 Extra"]
[Source "ChessBase"]
[SourceDate "1999.01.01"]
[SourceVersion "1"]
[SourceVersionDate "1999.01.01"]
[SourceQuality "1"]

1. e4 e6 2. d4 d5 3. Nd2 Nf6 4. e5 Ne4 5. Bd3 Nxd2 6. Bxd2 c5 7. c3 Nc6 8. Nf3 Qb6 9. Qb3 Bd7 10. Qxb6 axb6 11. 0-0 Be7 12. Be3 0-0 13. a3 Ra7 14. Rad1 c4 15. Bc2 h6 16. Bc1 f6 17. exf6 Rxf6 18. Ne5 Be8 19. Ng4 Rf8 20. Rde1 Bh5 21. Ne5 Nxe5 22. Rxe5 Bf7 23. f4 Bd6 24. Ree1 Raa8 25. Rf2 Rae8 26. Rfe2 b5 27. g3 Kh8 28. f5 exf5 29. Rxe8 Bxe8 30. Bxf5 Rxf5 31. Rxe8+ Kh7 32. Rd8 Rf6 33. Be3 Kg6 34. Rd7 b6 35. Rb7 Bf8 36. Bf4 Re6 37. Kf2 h5 38. Rd7 Kf6 39. Rxd5 Kg6 40. Rg5+ Kf6 41. Rxh5 b4 42. axb4 Bd6 43. Bxd6 Rxd6 44. h4 Ke6 45. Re5+ Kf6 46. Kf3 1-0

[Event "Chigorin Memorial 06th"]
[Site "St Petersburg"]
[Date "1998.11.07"]
[Round "7"]
[White "Vunder, Andrei"]
[Black "Segal, Naum"]
[Result "1-0"]
[WhiteElo "2305"]
[BlackElo "2145"]
[PlyCount "49"]
[EventDate "1998.10.31"]
[EventType "swiss"]
[EventRounds "9"]
[EventCountry "RUS"]
[SourceTitle "CBM 067 Extra"]
[Source "ChessBase"]
[SourceDate "1999.01.01"]
[SourceVersion "1"]
[SourceVersionDate "1999.01.01"]
[SourceQuality "1"]

1. c4 Nf6 2. Nc3 g6 3. d4 d5 4. Nf3 Bg7 5. e3 0-0 6. Be2 c5 7. 0-0 cxd4 8. exd4 Nc6 9. Re1 dxc4 10. d5 Na5 11. Bf4 Bd7 12. Ne5 Rc8 13. Bf3 e6 14. Bg5 Re8 15. Qd2 b6 16. Qf4 exd5 17. Nxd5 Bf5 18. Qh4 Nxd5 19. Bxd8 Rcxd8 20. Nxf7 Kxf7 21. Rxe8 Rxe8 22. Bxd5+ Be6 23. Qf4+ Bf6 24. Qc7+ Kf8 25. Qd6+ 1-0

[Event "Chigorin Memorial 06th"]
[Site "St Petersburg"]
[Date "1998.11.06"]
[Round "6"]
[White "Segal, Naum"]
[Black "Kuzuev, Danil"]
[Result "0-1"]
[WhiteElo "2145"]
[BlackElo "2350"]
[PlyCount "120"]
[EventDate "1998.10.31"]
[EventType "swiss"]
[EventRounds "9"]
[EventCountry "RUS"]
[SourceTitle "CBM 067 Extra"]
[Source "ChessBase"]
[SourceDate "1999.01.01"]
[SourceVersion "1"]
[SourceVersionDate "1999.01.01"]
[SourceQuality "1"]

1. b3 e5 2. Bb2 d6 3. e3 Nf6 4. d4 Nbd7 5. Nf3 e4 6. Nfd2 d5 7. c4 c6 8. Nc3 Bd6 9. f4 Nf8 10. cxd5 cxd5 11. Qe2 a6 12. Qf2 Bf5 13. h3 h5 14. Be2 Rc8 15. 0-0 Ne6 16. Rfc1 Rg8 17. h4 Bg4 18. g3 g6 19. Na4 Ke7 20. Rxc8 Qxc8 21. Rc1 Qb8 22. Nc5 Rc8 23. b4 Bxe2 24. Qxe2 Ng7 25. Nf1 Nf5 26. Rc3 Rc7 27. b5 axb5 28. Qxb5 Qe8 29. Qb3 Qa8 30. Na4 Qa5 31. Rxc7+ Qxc7 32. Nc3 Qc6 33. Nb5 Ke6 34. a4 Be7 35. Na7 Qa6 36. Nb5 Kd7 37. Nc3 Qc6 38. Kf2 Ke8 39. Ke2 Kf8 40. Nb5 Kg7 41. Bc3 Qd7 42. Bb4 Bxb4 43. Qxb4 Nxg3+ 44. Nxg3 Qg4+ 45. Kd2 Qxg3 46. Nd6 Qf2+ 47. Kc1 Qxe3+ 48. Kb2 Qe2+ 49. Kb1 Qd1+ 50. Kb2 Qe2+ 51. Kb1 Qf1+ 52. Kc2 Qf2+ 53. Kb1 Qxf4 54. Nxb7 Qf1+ 55. Kb2 Qf2+ 56. Kb3 Qg3+ 57. Kb2 e3 58. Qe7 Qf2+ 59. Ka3 Ne4 60. Qe5+ Qf6 0-1

[Event "Chigorin Memorial 06th"]
[Site "St Petersburg"]
[Date "1998.11.02"]
[Round "3"]
[White "Segal, Naum"]
[Black "Kirusha, Andrey"]
[Result "1-0"]
[WhiteElo "2145"]
[BlackElo "2400"]
[PlyCount "139"]
[EventDate "1998.10.31"]
[EventType "swiss"]
[EventRounds "9"]
[EventCountry "RUS"]
[SourceTitle "CBM 067 Extra"]
[Source "ChessBase"]
[SourceDate "1999.01.01"]
[SourceVersion "1"]
[SourceVersionDate "1999.01.01"]
[SourceQuality "1"]

1. c4 e6 2. Nc3 d5 3. d4 c5 4. cxd5 cxd4 5. Qxd4 Nc6 6. Qd1 exd5 7. e3 Nf6 8. Bb5 Bd6 9. Nf3 0-0 10. 0-0 Bg4 11. Be2 Rc8 12. g3 Bb8 13. Nb5 Ne4 14. Nbd4 Qf6 15. Kg2 Rfe8 16. Ng1 Bd7 17. Ndf3 Bf5 18. Nd4 Bg6 19. Ngf3 h6 20. Bd2 Nxd4 21. Nxd4 Be5 22. Be1 Bxd4 23. exd4 Qb6 24. b3 Nc3 25. Bxc3 Rxc3 26. Re1 Re4 27. Rc1 Qc6 28. Ra1 Qf6 29. Qd2 Qxd4 30. Rad1 Qe5 31. Qxd5 Qxd5 32. Rxd5 Rc2 33. Kf1 Rxa2 34. Bc4 Rxe1+ 35. Kxe1 a6 36. Rd8+ Kh7 37. Rd7 b5 38. Bxf7 a5 39. Be6 a4 40. bxa4 Rxa4 41. Kd2 Rb4 42. f4 Rb2+ 43. Ke3 Rxh2 44. Rb7 Rb2 45. g4 Rb1 46. f5 Re1+ 47. Kf4 Be8 48. Rb8 g5+ 49. Kg3 Bc6 50. Kf2 Re4 51. Rb6 Be8 52. Rb7+ Kh8 53. Rb8 Kg7 54. Rxe8 Kf6 55. Rf8+ Ke5 56. Rh8 Rxg4 57. Rxh6 Rd4 58. Rg6 Rg4 59. Bd7 b4 60. Rb6 Kd5 61. Be6+ Ke5 62. Kf3 Rf4+ 63. Kg3 Rd4 64. Bc8 Rc4 65. Re6+ Kd4 66. Ba6 Rc7 67. Kg4 b3 68. Rb6 Kc3 69. Bb7 b2 70. f6 1-0

[Event "Chigorin Memorial 06th"]
[Site "St Petersburg"]
[Date "1998.11.01"]
[Round "2"]
[White "Rychagov, Andrey"]
[Black "Segal, Naum"]
[Result "1-0"]
[WhiteElo "2485"]
[BlackElo "2145"]
[PlyCount "47"]
[EventDate "1998.10.31"]
[EventType "swiss"]
[EventRounds "9"]
[EventCountry "RUS"]
[SourceTitle "CBM 067 Extra"]
[Source "ChessBase"]
[SourceDate "1999.01.01"]
[SourceVersion "1"]
[SourceVersionDate "1999.01.01"]
[SourceQuality "1"]

1. d4 c6 2. c4 g6 3. Nc3 d5 4. Nf3 Bg7 5. Bf4 Nf6 6. e3 0-0 7. h3 Bf5 8. Be2 Nbd7 9. 0-0 h6 10. Rc1 g5 11. Bg3 e6 12. Nd2 Ne8 13. cxd5 exd5 14. Qb3 Qb6 15. Na4 Qa5 16. Nc3 b5 17. Bxb5 cxb5 18. Qxd5 Bd3 19. Qxa8 Bxf1 20. Nxf1 Nb6 21. Qc6 a6 22. Nd2 Na4 23. Nb3 Qb4 24. Nd5 1-0

[Event "Lilie op"]
[Site "Litomysl"]
[Date "1997.??.??"]
[Round "2"]
[White "Beil, Zdenek"]
[Black "Segal, Naum"]
[Result "1-0"]
[WhiteElo "2315"]
[BlackElo "2120"]
[PlyCount "99"]
[EventDate "1997.??.??"]
[EventType "swiss"]
[EventRounds "7"]
[EventCountry "CZE"]
[SourceTitle "EXT 1999"]
[Source "ChessBase"]
[SourceDate "1998.11.16"]
[SourceVersion "1"]
[SourceVersionDate "1998.11.16"]
[SourceQuality "1"]

1. d4 c6 2. c4 Nf6 3. Nc3 d5 4. cxd5 cxd5 5. Nf3 e6 6. Bf4 Bd6 7. Bg3 0-0 8. e3 Ne4 9. Bd3 f5 10. Rc1 Nc6 11. a3 a6 12. 0-0 Nxg3 13. hxg3 Bd7 14. Na4 Be8 15. Nc5 Qe7 16. b4 Rf6 17. Rc3 Rh6 18. Qb1 b5 19. Rfc1 Nd8 20. a4 g5 21. Qa2 g4 22. Ne5 bxa4 23. Bxf5 Bxe5 24. dxe5 exf5 25. Qxd5+ Qf7 26. Qxa8 Qh5 27. Kf1 Nc6 28. Nd7 Nxe5 29. Nxe5 Re6 30. Nd7 f4 31. Qxe8+ Qxe8 32. Rc8 Kf7 33. Rxe8 Kxe8 34. Nc5 Rh6 35. Ke2 fxg3 36. fxg3 Rb6 37. Nxa4 Rxb4 38. Ra1 Rb5 39. Kd3 Ke7 40. Nc3 Rb2 41. Rxa6 Rxg2 42. Ne2 Rh2 43. Nf4 Kf7 44. Ke4 Rb2 45. Kf5 Rb3 46. Ra7+ Ke8 47. Nd5 h5 48. Ke6 Kf8 49. Rf7+ Ke8 50. Rh7 1-0

[Event "Lilie op"]
[Site "Litomysl"]
[Date "1997.??.??"]
[Round "7"]
[White "Segal, Naum"]
[Black "Ciolac, Gheorghe"]
[Result "0-1"]
[WhiteElo "2120"]
[BlackElo "2385"]
[PlyCount "56"]
[EventDate "1997.??.??"]
[EventType "swiss"]
[EventRounds "7"]
[EventCountry "CZE"]
[SourceTitle "EXT 1999"]
[Source "ChessBase"]
[SourceDate "1998.11.16"]
[SourceVersion "1"]
[SourceVersionDate "1998.11.16"]
[SourceQuality "1"]

1. d4 Nf6 2. g3 e6 3. Bg2 d5 4. Nf3 Be7 5. 0-0 0-0 6. c4 dxc4 7. Ne5 Nc6 8. Nxc6 bxc6 9. Bxc6 Rb8 10. Nc3 Bb7 11. Bb5 c5 12. dxc5 Qc8 13. c6 Bxc6 14. Bxc6 Qxc6 15. e4 Nxe4 16. Qf3 f5 17. Re1 Bf6 18. Nxe4 fxe4 19. Qxe4 Qxe4 20. Rxe4 c3 21. Bf4 cxb2 22. Rb1 Rb6 23. Rc4 Ra6 24. a4 Rd8 25. Kg2 Rd3 26. h4 Ra3 27. Rd1 h6 28. Rc8+ Kh7 0-1

[Event "Lilie op"]
[Site "Litomysl"]
[Date "1997.??.??"]
[Round "4"]
[White "Segal, Naum"]
[Black "Michenka, Jozef"]
[Result "1-0"]
[WhiteElo "2120"]
[BlackElo "2330"]
[PlyCount "125"]
[EventDate "1997.??.??"]
[EventType "swiss"]
[EventRounds "7"]
[EventCountry "CZE"]
[SourceTitle "EXT 1999"]
[Source "ChessBase"]
[SourceDate "1998.11.16"]
[SourceVersion "1"]
[SourceVersionDate "1998.11.16"]
[SourceQuality "1"]

1. d4 Nf6 2. Nf3 e6 3. g3 d5 4. Bg2 Be7 5. 0-0 0-0 6. c4 dxc4 7. Ne5 Nc6 8. Nxc6 bxc6 9. Bxc6 Rb8 10. Nc3 Bd7 11. Bf3 c5 12. Be3 Rxb2 13. dxc5 Qc7 14. Qd4 Rc8 15. Ne4 Nxe4 16. Qxb2 Bf6 17. Qc2 Nxc5 18. Qxc4 Bxa1 19. Rxa1 Qd6 20. Qd4 Qxd4 21. Bxd4 a5 22. Rc1 Nb7 23. Rb1 Nd6 24. Rd1 Ba4 25. Rd3 Bb5 26. Rd1 Ba4 27. Rb1 h6 28. Be5 Nb5 29. Rb2 Rc5 30. Bf4 e5 31. Be3 Nd4 32. Be4 Bb5 33. a4 Ba6 34. Kg2 g5 35. Rd2 Rc4 36. Bd3 Bb7+ 37. f3 Rxa4 38. Rb2 Rb4 39. Ra2 a4 40. Bd2 Bd5 41. Ra1 Rb2 42. Bc3 Ra2 43. Rxa2 Bxa2 44. e3 Ne6 45. Bxe5 Bb3 46. Bd6 f6 47. Kf2 Kf7 48. Ke2 Nd8 49. Kd2 Ke6 50. Ba3 Nc6 51. f4 Ne7 52. Kc3 Nf5 53. e4 Ne3 54. Bc5 Nd1+ 55. Kb4 Nb2 56. Bb5 f5 57. Bd4 Nd1 58. Bc6 Bc2 59. e5 g4 60. Bxa4 Bxa4 61. Kxa4 Kd5 62. Kb3 Kxd4 63. e6 1-0

[Event "Pardubice op"]
[Site "Pardubice"]
[Date "1992.??.??"]
[Round "3"]
[White "Hosek, Milan"]
[Black "Segal, Naum"]
[Result "1-0"]
[WhiteElo "2300"]
[BlackElo "2210"]
[PlyCount "87"]
[EventDate "1992.07.??"]
[EventType "swiss"]
[EventRounds "9"]
[EventCountry "CZE"]
[SourceTitle "EXT 2000"]
[Source "ChessBase"]
[SourceDate "1999.11.16"]
[SourceVersion "1"]
[SourceVersionDate "1999.11.16"]
[SourceQuality "1"]

1. e4 c6 2. d4 d6 3. Nf3 Bg4 4. Be2 Nd7 5. 0-0 Qc7 6. Nbd2 0-0-0 7. h3 Bh5 8. Ng5 Bxe2 9. Qxe2 Nh6 10. Qf3 e5 11. Nxf7 Nxf7 12. Qxf7 exd4 13. Nf3 Nf6 14. Qxc7+ Kxc7 15. Nxd4 Re8 16. f3 d5 17. e5 Nd7 18. f4 Bc5 19. c3 g6 20. Kh2 Rhf8 21. Bd2 Bxd4 22. cxd4 Rf7 23. Rae1 Nf8 24. Be3 Ne6 25. g3 b6 26. b4 c5 27. bxc5 bxc5 28. dxc5 d4 29. Bd2 Kc6 30. g4 Nxc5 31. f5 Kd5 32. e6 Rb7 33. Bh6 Rb2+ 34. Kg3 gxf5 35. Rxf5+ Kc6 36. Rc1 Rb5 37. Bf8 Rxf8 38. Rxf8 Kd6 39. Rd8+ Kxe6 40. Rxd4 Ke5 41. Rd8 Ra5 42. Re8+ Kf6 43. Rf1+ Kg6 44. Rg8+ 1-0